Zaměření strukturální politiky v zemědělství v podmínkách tržního hospodářství.

Hlavné štruktúrne zmeny, ktoré treba realizovať v živočíšnej výrobe. Realizácia útlmového programu u hovädzieho dobytka pri zvážení špecifík jednotlivých oblastí. Vývoj v chove prasiat, hydiny a oviec. Zlepšenie biologickej kvality rastlinných a živočíšnych výrobkov.

Gespeichert in:
Bibliographische Detailangaben
1. Verfasser: Jambor, V.
Format: Buchkapitel
Sprache:Tschechisch
Schlagworte:
Tags: Tag hinzufügen
Keine Tags, Fügen Sie das erste Tag hinzu!

MARC

LEADER 00000naa a2200000 4500
001 r005630
005 20221125075927.8
041 0 |a cze 
044 |a [CS] 
245 1 0 |a Zaměření strukturální politiky v zemědělství v podmínkách tržního hospodářství.  |c V. Jambor 
520 |a Hlavné štruktúrne zmeny, ktoré treba realizovať v živočíšnej výrobe. Realizácia útlmového programu u hovädzieho dobytka pri zvážení špecifík jednotlivých oblastí. Vývoj v chove prasiat, hydiny a oviec. Zlepšenie biologickej kvality rastlinných a živočíšnych výrobkov. 
610 2 0 |a zmeny štruktúrne 
610 2 0 |a výroba živočíšna 
610 2 0 |a dobytkárstvo 
610 2 0 |a regióny 
610 2 0 |a kvalita výrobkov 
610 2 0 |a hospodárstvo trhové 
100 1 |a Jambor, V.